Statistics for Kings and Queens of England and the United Kingdom (924 A.D. - present)

Click here to take the quiz!

General Stats

  • This quiz has been taken 377 times
  • The average score is 33 of 52

Answer Stats

Dates of ruleAnswer% Correct
1509 - 1547Henry VIII
82%
1485 - 1509Henry VII
81%
1066 - 1087William I
81%
1558 - 1603Elizabeth I
80%
1952 - presentElizabeth II
80%
1936 - 1952George VI
78%
1660 - 1685Charles II
77%
1910 - 1936George V
77%
1603 - 1625James I
77%
1087 - 1100William II
77%
1625 - 1642Charles I
76%
1936Edward VIII
76%
1553 - 1558Mary I
76%
1837 - 1901Victoria
76%
1547 - 1553Edward VI
74%
1760 - 1820George III
74%
1820 - 1830George IV
74%
1901 - 1910Edward VII
73%
1714 - 1727George I
73%
1727 - 1760George II
73%
1100 - 1135Henry I
72%
1702 - 1714Anne
71%
1483 - 1485Richard III
71%
1685 - 1688James II
70%
1189 - 1199Richard I
70%
1199 - 1216John
69%
1154 - 1189Henry II
68%
1216 - 1272Henry III
66%
1399 - 1413Henry IV
66%
1413 - 1422Henry V
66%
1688 - 1702 (joint through 1694)William III
66%
1830 - 1837William IV
66%
1461 - 1470Edward IV
65%
1688 - 1694 (joint)Mary II
65%
1422 - 1461Henry VI
64%
1272 - 1307Edward I
63%
1307 - 1327Edward II
63%
1377 - 1399Richard II
63%
1327 - 1377Edward III
62%
1470 - 1471Henry VI
61%
1471 - 1483Edward IV
60%
1135 - 1140Stephen
60%
1016 - 1035Cnut
44%
1042 - 1066Edward the Confessor
44%
1141 - 1154Stephen
35%
1035 - 1040Harold Harefoot
29%
1013 - 1014Sweyn Forkbeard
27%
1040 - 1042Harthacnut
23%
939 - 946Edmund I
21%
924 - 939Ethelstan
18%
946 - 955Eadred
17%
975 - 978Edward the Martyr
14%

Score Distribution

Percentile by Number Answered

Percent of People with Each Score

Your Score History

You have not taken this quiz